Les films de Batman - Statistiques

Statistiques générales
  • Ce quiz a été pris 593 fois
  • Le résultat moyen est 9 sur 11
Statistiques - réponses
Date de sortie Réalisateur Film % Correct
1966 Leslie H. Martinson Batman
100%
1989 Tim Burton Batman
100%
2005 Christopher Nolan Batman Begins
89%
2008 Christopher Nolan The Dark Knight : Le Chevalier noir
87%
2012 Christopher Nolan The Dark Knight Rises
82%
2017 Zack Snyder Justice League
79%
1997 Joel Schumacher Batman et Robin
78%
2019 Matt Reeves The Batman
75%
1992 Tim Burton Batman: Le Défi
72%
1995 Joel Schumacher Batman Forever
71%
2016 Zack Snyder Batman v Superman
63%
Aucun quiz correspondant
Distribution des résultats
% des personnes avec chaque résultat
Percentile par nombre de réponses
Votre historique - résultats
Vous n’avez pas pris ce quiz